LEADER 01279cam0 2200277 450 001 E600200030544 005 20201125094816.0 100 $a20071018d1978 |||||ita|0103 ba 101 $aita 102 $aIT 200 1 $a<>archeologia industriale$eun saggio introduttivo con i confronti antologici da M. Rix [et al.archeologia industriale : un saggio introduttivo con i confronti antologici da M. Rix, F. Borsi, J. Tann, V. Grenier, T.A. Sande, N. Galland, J. Pistre, D. Newell, L. Benevolo, H. Wieser-Benedetti, W. Benjamin, F.D. Klingender]$fAntonello Negri e Massimo Negri 210 $aMessina$aFirenze$cG.D'Anna$d1978 215 $a190 p.$cill.$d21 cm 225 2 $aTangenti$eProposte e verifiche culturali$v53 410 1$1001LAEC00024034$12001 $a*Tangenti : Proposte e verifiche culturali$v53 700 1$aNegri$b, Antonello$3AF00011243$4070 701 1$aNegri, Massimo$3A600200044119$4070$049546 801 0$aIT$bUNISOB$c20201125$gRICA 850 $aUNISOB 852 $aUNISOB$j900$m87418 912 $aE600200030544 940 $aM 102 Monografia moderna SBN 941 $aM 957 $a900$b003205$gSi$d87418$racquisto$1pregresso2$2UNISOB$3UNISOB$420071018112045.0$520201125094743.0$6rovito 996 $aArcheologia industriale$91761565 997 $aUNISOB